| 000 | 00445nam a2200157Ia 4500 | ||
|---|---|---|---|
| 005 | 20250603145110.0 | ||
| 008 | 250603s9999 xx 000 0 und d | ||
| 020 | _a9788006353 | ||
| 050 | _aQP 84 .H86/ | ||
| 100 | _aEdited by Iroegbu, T. C.; Nkwocha, P. C.; Onyemerekeya, N. P. & Paul-Cookey N. R. | ||
| 245 | 0 | _aHuman growth and development | |
| 260 | _bDigital Versatile Printers Ltd. | ||
| 260 | _c2018 | ||
| 300 | _a426 p | ||
| 942 | _cBK | ||
| 999 |
_c40864 _d40864 |
||